Представление документа в формате MARC21

ПолеНазваниеЗначение
  Тип записи a
  Библиографический уровень m
001 Контрольный номер RU\infra-m\znanium\bibl\2226786
005 Дата корректировки 20260429142111.0
008 Кодируемые данные 250919s2025 RU g rus u
020 Индекс ISBN __
a ISBN 978-5-9729-2322-9
040 Источник каталогиз. __
a Служба первич. каталог. Общество с ограниченной ответственностью «ЗНАНИУМ»
041 Код языка издания __
a Код языка текста rus
044 Код страны публикации __
a Код страны публикации RU
080 Индекс УДК __
a Индекс УДК 517
084 Индекс другой классификации/Индекс ББК __
2 Источник индекса rubbk
a Индекс другой классификации/Индекс ББК 221
084 Индекс другой классификации/Индекс ББК __
2 Источник индекса okso
a Индекс другой классификации/Индекс ББК 01.03.01
084 Индекс другой классификации/Индекс ББК __
2 Источник индекса okso
a Индекс другой классификации/Индекс ББК 01.03.04
100 Автор __
a Автор Захарова Т.Э.
q Полное имя Захарова Татьяна Эрнестовна
u Дополнение Сибирский государственный университет телекоммуникаций и информатики
245 Заглавие __
a Заглавие Сходимость числовых рядов в примерах и задачах
b Продолж. заглавия Учебное пособие
c Ответственность Сибирский государственный университет телекоммуникаций и информатики
250 Сведения об издании __
a Основные сведения об издании 1
260 Выходные данные __
a Место издания Вологда
b Издательство Инфра-Инженерия
c Дата издания 2025
300 Физическое описание __
a Объем 104 с.
520 Аннотация __
a Аннотация Рассматриваются общие понятия числовых рядов их свойства сходимость по определению необходимый признак сходимости а также все основные признаки сходимости числовых рядов с неотрицательными членами. Пособие содержит краткую теорию большое количество примеров с решениями и пояснениями а также задачи для самостоятельного решения по каждой теме с ответами и указаниями. Для использования в учебном процессе в технических высших учебных заведениях при изучении темы «Числовые ряды» раздела «Ряды» дисциплин «Математический анализ» и «Высшая математика».
521 Примеч. о цел. назн. __
a Примеч. о целев. назн. ВО - Бакалавриат
650 Тематические рубрики __
a Основная рубрика Физико-математические науки
x Основная подрубрика Математический анализ. Функциональный анализ
655 Указ. предметных рубрик (устаревшее) __
a Жанр/ форма (устаревшее) Учебное пособие
856 Электронный адрес документа 4_
a Имя сервера/домена znanium.ru
m Помощь ebs_support@infra-m.ru
n Местонахождение сервера НИЦ ИНФРА-М
u URL https://znanium.ru/catalog/document?id=470128
856 Электронный адрес документа 48
a Имя сервера/домена znanium.ru
d Путь /cover/2226
f Электронное имя 2226786.jpg
u URL https://znanium.ru/cover/2226/2226786.jpg
911 __
u 0030=https://znanium.ru/catalog/document?id=470128